00907nam a2200241 a 4500003000700000005001700007008004100024040003300065041000800098050002500106110006400131245015700195260004000352300001400392336002800406337003000434338002700464650003700491650003600528650002100564650004700585650003300632CBULib20240806104423.0180907s2017 ||||||||||||||||| || u aCBULibbEnglishcCBULiberda aeng aUNCTAD(058)TDRO/2017 aUnited Nations Conference on Trade and Development (UNCTAD)00aTrade and development report 2017 : beyond austerity: towards a global deal : overviewc/ by United Nations Conference on Trade And Development (UNCTAD) aNew York : bUnited Nations,c2017. a29 pages  2rdacontentaText |btxt 2rdamediaaUnmediated |bn 2rdacarrieraVolumebnc aINTERNATIONAL TRADE--PERIODICALS 0aGLOBALIZATION--ECONOMIC ASPECTS aECONOMIC REFORMS aSUSTAINABLE DEVELOPMENT--GOVERNMENT POLICY aECONOMIC POLICY--PERIODICALS